| 000 | 00540nam a2200181Ia 4500 | ||
|---|---|---|---|
| 003 | GCL | ||
| 008 | 140319s9999 xx 000 0 ara d | ||
| 040 |
_aGCL / _cGCL |
||
| 082 | 0 | 4 |
_a155.9 _bس ا |
| 100 | 1 | _aسعيد جلال | |
| 245 | 1 | 0 |
_aاسس علم النفس الجنائى / _cسعيد جلال |
| 260 |
_aالقاهرة : _bدار المطبوعات الجديدة ، _c1966 |
||
| 300 | _a445 ص | ||
| 490 | _a | ||
| 650 | 0 | 4 | _aعلم النفس الجنائى |
| 650 | 0 | 4 | _aالاجتماع الجنائى |
| 942 |
_2ddc _cBK |
||
| 999 |
_c49357 _d49357 |
||